000 00626nam a2200193Ii 4500
003 JO-AjNU
008 230605s9999||||xx |||||||||||||| ||und||
040 _aJO-AjNU
_bara
_erda
_cJO-AjNU
041 _aara
050 1 4 _aPJ7808.R4.A17 2005
100 3 _aأبو ريشة، عمر,
_eauthor
_911600
245 0 0 _aالأعمال الشعرية الكاملة، المجلد الثاني
264 3 1 _aبيروت: دار العودة، 2009
300 _aمج2، 391ص
336 _atext
_btxt
_2rdacontent
337 _aunmediated
_bn
_2rdamedia
338 _avolume
_bnc
_2rdacarrier
650 4 _aالشعر العربي
_911601
999 _aA2408
_c5976
_d5976